=LDR 00000nam 2200000 4500 =001 INLIS000000000007209 =005 20200818024139 =035 ##$$a 0010-061300000007209 =008 200818################g##########0#ind## =041 ##$$a Ind =082 ##$$a 2x0.0007 =090 ##$$a 2x0.0007, Ahm p =100 1#$$a Ahmadi, Abu =245 1#$$a Pendidikan agama Islam untuk kelas 3 SMU /$c Drs. H. Abu Ahmadi, Drs. Suparjo =260 ##$$a Solo :$b Tiga serangkai,$c 1996 =300 ##$$a 256 hlm. ; $c 14,5 x 20,5 cm =650 #4$$a Islam-Pendidikan =700 #$$a Suparjo =084 ##$$a 2x0.0007 AHM p =504 ##$$a Bibliografi : hlm. 255 =990 ##$$a 136.302/Pro-98 =990 ##$$a 136.385/Pro-98 =990 ##$$a 8.722/Pb-79 =990 ##$$a 136.385/Pro-98 =990 ##$$a 136.302/Pro-98 =990 ##$$a 8.722/Pb-79 =990 ##$$a 8.722/Pb-97 =990 ##$$a 136.302/Pro-98 =990 ##$$a 136.385/Pro-98 =990 ##$$a 136.302/Pro-98 =990 ##$$a 136.385/Pro-98 =990 ##$$a 8.722/Pb-97